| 000 | 00671nam a2200205Ia 4500 | ||
|---|---|---|---|
| 001 | 11326 | ||
| 003 | GE_BSU | ||
| 008 | 181216s||||||||xx |||||||||||||| ||und|| | ||
| 040 | _cGE_BSU | ||
| 080 | _a544 | ||
| 100 | _aკოკოჩაშვილი, ვიქტორ | ||
| 245 | _aფიზიკური ქიმია | ||
| 245 | _cრედ: ი. ბაცანიძე, ნ. ფირცხალავა | ||
| 260 | _aთბილისი | ||
| 260 | _bთბილისის სახ. უნ–ტის გამ–ბა. | ||
| 260 | _c1956 | ||
| 300 | _a902გვ.24სმ. | ||
| 653 | _aფიზიკური ქიმია | ||
| 942 | _cBK | ||
| 999 |
_c44523 _d44523 |
||